Дело об исключении актёра Глухарёва из подушного оклада

Доступно только в Электронных читальных залах Найти на картеНа карте
RUSMARC
00003580nmc2a22000003x 450
001670e9dd4-5ce8-4088-afd0-d32228a12676
00520181001094718.0
100##$a20161212l18101811k l0rusy0189 ca
1010#$arus
102##$aRU
2001#$aДело об исключении актёра Глухарёва из подушного оклада
$j13 декабря 1810 г. - 8 мая 1811 г.
251##$cДело
300##$aДело
801#0$aRU
$bРГИА
$c20161212
$gRCR
801#1$aRU
$bГлавНИВЦ
$c20161212
$2rusmarc
801#2$aRU
$bПБ им. Б.Н. Ельцина
$c20181001
$gRCR
$2rusmarc
850##$aРГИА
852##$aРГИА
$eФедеральное казенное учреждение "Российский государственный исторический архив" (РГИА)
$j217
937##$hРГИА
$d12234411
$aASBIBLIO_SCAN
462#0$1001dd3991dc-24e1-42ec-8838-ca4255420416
$12001
$a1746-1850 гг.
$1251
$cОпись
$1852
$j1
461#0$10019264ebf8-de62-4f1a-9eb4-9f22098dbbd5
$12001
$aДирекция императорских театров МИДв
$1251
$cФонд
$1852
$j497
215##$a4 л.
$d36,5х26 см
371##$aДокумент не является опубликованным и широко распространяемым
105##$ay###
1222#$ad
035##$a670e9dd4-5ce8-4088-afd0-d32228a12676
856##$uhttp://readingroom.main.prlib.ru/item.aspx?id_node=n118727620&mode=full
Формат отображения